000
00300nam a2200109Ia 4500
008
160531s9999 xx 000 0 und d
100
_a
Derbel, Fethi.
245
_a
Abdominal Surgery
245
_c
by Fethi Derbel (ed.)
260
_c
2012
856
_u
http://www.intechopen.com/books/abdominal-surgery
999
_c
295488
_d
295488